Principles of Mercantile Law (Record no. 485841)

MARC details
000 -LEADER
fixed length control field 00711nam a2200241Ia 4500
008 - FIXED-LENGTH DATA ELEMENTS--GENERAL INFORMATION
fixed length control field 100315s9999 xx 000 0 und d
020 ## - INTERNATIONAL STANDARD BOOK NUMBER
International Standard Book Number 8170126940 
040 ## - CATALOGING SOURCE
Transcribing agency ENGLISH 
082 ## - DEWEY DECIMAL CLASSIFICATION NUMBER
Item number 11107 
Classification number 346.4207 
100 ## - MAIN ENTRY--PERSONAL NAME
Personal name "Singh, Avtar "
245 ## - TITLE STATEMENT
Title Principles of Mercantile Law
260 ## - PUBLICATION, DISTRIBUTION, ETC. (IMPRINT)
Place of publication, distribution, etc Lucknow 
Name of publisher, distributor, etc Eastern book company  
Date of publication, distribution, etc 2000 
300 ## - PHYSICAL DESCRIPTION
Extent "clvi,956  "
365 ## - TRADE PRICE
Price note Rupees 
Unit of pricing
Price amount 325.00 
366 ## - TRADE AVAILABILITY INFORMATION
Publishers' discount category
505 ## - FORMATTED CONTENTS NOTE
Miscellaneous information Vaibhav Gaikwad 
530 ## - ADDITIONAL PHYSICAL FORM AVAILABLE NOTE
Availability source Donated by Dr.Murthy  
620 ## -
-- "Mercantile Law , Principles of Mercantile Law "
630 ## - SUBJECT ADDED ENTRY--UNIFORM TITLE
Uniform title Principles of Mercantile Law
650 ## - SUBJECT ADDED ENTRY--TOPICAL TERM
Topical term or geographic name as entry element Mercantile Law 
730 ## - ADDED ENTRY--UNIFORM TITLE
Uniform title Principles of Mercantile Law
942 ## - ADDED ENTRY ELEMENTS (KOHA)
Koha item type Book
Holdings
Withdrawn status Lost status Damaged status Not for loan Home library Current library Date acquired Cost, normal purchase price Total Checkouts Full call number Barcode Date last seen Price effective from Koha item type
        Dr. V. N. Bedekar Institute of Management Studies Library Dr. V. N. Bedekar Institute of Management Studies Library 08/29/2009 325.00   346.4207 /SIN  11107  VPMBRIMS-11107  03/19/2010 03/19/2010 Book